00677nam a2200241 a 4500001001300000003000900013005001700022008004100039020001000080082001500090100001600105245002700121260003800148300000900186500003500195505001000230650003400240700001600274902000800290942000700298952011500305999001500420nice12345678IN_TiNIC20260116011402.0050524s1962 lona grp 000 0 eng  ac10000a220.1bREI aReid, J K S aAuthority of Scripture aLondonbMethuen and Companyc1962 a286p aincludes index and biblioraphy2 aIndex aBible-Evidences and Authority1 aReid, J K S bSRS cBK 001040708StackRoom-aHMIbHMId2007-06-15g100.00l0o220.1 REIp02816r2007-06-15v100.00w2005-05-24yBK c1079d1079